A végelszámolás számviteli és adózással kapcsolatos feladatainak elemzése a Batchcontrol Korlátolt Felelősségű Társaságnál

Bibliográfiai részletek
Szerző: Garas Nikoletta
További közreműködők: Simon Dr. Szilvia
Dokumentumtípus: Diplomadolgozat
Kulcsszavak:Végelszámolás
Batchcontrol
számvitel
Online Access:http://dolgozattar.uni-bge.hu/17354

MARC

LEADER 00000nta a2200000 i 4500
001 dolg17354
005 20180517084420.0
008 180517suuuu hu om 000 hun d
040 |a BGE Dolgozattár Repozitórium  |b hun 
041 |a hu 
100 1 |a Garas Nikoletta 
245 1 2 |a A végelszámolás számviteli és adózással kapcsolatos feladatainak elemzése a Batchcontrol Korlátolt Felelősségű Társaságnál  |c Garas Nikoletta  |h [elektronikus dokumentum] 
695 |a Végelszámolás 
695 |a Batchcontrol 
695 |a számvitel 
700 1 |a Simon Dr. Szilvia  |e ths 
856 4 0 |u http://dolgozattar.uni-bge.hu/17354/1/Szakdolgozat.pdf  |z Dokumentum-elérés 
856 4 0 |u http://dolgozattar.uni-bge.hu/17354/2/Titkos%C3%ADt%C3%A1si%20k%C3%A9relem.pdf  |z Dokumentum-elérés